Loading...
| Literature - European Literature | 0 | 5 | 0 | 0 | 50 | 131 | 134.20 | 0 | 3 |
| History - Other History | 0 | 5 | 2 | 2 | 40 | 62 | 81.80 | 1 | 4 |
| Fine Arts - Other Fine Arts | 0 | 3 | 0 | 0 | 30 | 140 | 145.33 | 1 | 2 |
| History - World History | 0 | 4 | 2 | 0 | 30 | 61 | 78.75 | 0 | 2 |
| History - American History | 0 | 3 | 1 | 0 | 25 | 33 | 88.67 | 1 | 2 |
| History - European History | 0 | 3 | 1 | 1 | 25 | 102 | 115.67 | 0 | 1 |
| Literature - British Literature | 0 | 2 | 0 | 0 | 20 | 90 | 109.50 | 1 | 2 |
| Fine Arts - Classical Music | 0 | 2 | 1 | 0 | 15 | 96 | 116.50 | 1 | 1 |
| Fine Arts - Visual Fine Arts | 0 | 2 | 1 | 1 | 15 | 98 | 121.00 | 1 | 2 |
| Mythology | 0 | 2 | 1 | 0 | 15 | 54 | 100.00 | 0 | 2 |
| Religion | 0 | 2 | 1 | 0 | 15 | 94 | 107.00 | 0 | 2 |
| Science - Other Science | 0 | 2 | 1 | 0 | 15 | 91 | 103.50 | 0 | 2 |
| Social Science | 0 | 1 | 0 | 0 | 10 | 92 | 92.00 | 0 | 1 |
| Science - Physics | 0 | 1 | 0 | 0 | 10 | 67 | 67.00 | 0 | 1 |
| Geography/Current Events | 0 | 1 | 0 | 0 | 10 | 91 | 91.00 | 0 | 1 |
| Literature - World/Other Literature | 0 | 1 | 0 | 1 | 10 | 142 | 142.00 | 0 | 0 |
| Philosophy | 0 | 0 | 0 | 0 | 0 | 0.00 | 0 | 0 | |
| Other Academic | 0 | 0 | 1 | 0 | -5 | 0.00 | 0 | 0 | |
| Literature - American Literature | 0 | 0 | 1 | 0 | -5 | 0.00 | 0 | 0 | |
| Science - Biology | 0 | 0 | 2 | 0 | -10 | 0.00 | 0 | 0 |